A year of health hints : (Record no. 785)

MARC details
000 -LEADER
fixed length control field 00959pam a2200265 a 4500
005 - DATE AND TIME OF LATEST TRANSACTION
control field 20260322212034.0
008 - FIXED-LENGTH DATA ELEMENTS--GENERAL INFORMATION
fixed length control field data
010 ## - LIBRARY OF CONGRESS CONTROL NUMBER
LC control number 89037834
020 ## - INTERNATIONAL STANDARD BOOK NUMBER
International Standard Book Number 1560549432
Terms of availability {dollar}21.95 ({dollar}26.95 Can.)
020 ## - INTERNATIONAL STANDARD BOOK NUMBER
International Standard Book Number 9781560549437
Terms of availability {dollar}21.95 ({dollar}26.95 Can.)
040 ## - CATALOGING SOURCE
Original cataloging agency DLC
Transcribing agency DLC
Modifying agency DLC
050 00 - LIBRARY OF CONGRESS CALL NUMBER
Classification number RA776.95
Item number .P69 1990
082 00 - DEWEY DECIMAL CLASSIFICATION NUMBER
Classification number 613
Edition information 20
092 ## - LOCALLY ASSIGNED DEWEY CALL NUMBER (OCLC)
Classification number 613.20 P69 1992
001 - CONTROL NUMBER
control field data
100 1# - MAIN ENTRY--PERSONAL NAME
Personal name Powell, Don R.
245 12 - TITLE STATEMENT
Title A year of health hints :
Remainder of title 365 practical ways to feel better and live longer /
Statement of responsibility, etc. Don R. Powell & American Institute for Preventive Medicine.
250 ## - EDITION STATEMENT
Edition statement Large print edition.
260 ## - PUBLICATION, DISTRIBUTION, ETC.
Place of publication, distribution, etc. [New York] :
Name of publisher, distributor, etc. Distributed by St. Martin's Press,
Place of publication, distribution, etc. [New York] :
Name of publisher, distributor, etc. Distributed by St. Martin's Press,
Date of publication, distribution, etc. c1992.
300 ## - PHYSICAL DESCRIPTION
Extent 749 p. ;
Dimensions 24 cm.
504 ## - BIBLIOGRAPHY, ETC. NOTE
Bibliography, etc. note Includes bibliographical references.
650 #0 - SUBJECT ADDED ENTRY--TOPICAL TERM
Topical term or geographic name entry element Self-care, Health.
650 #0 - SUBJECT ADDED ENTRY--TOPICAL TERM
Topical term or geographic name entry element Medicine, Preventive.
710 2# - ADDED ENTRY--CORPORATE NAME
Corporate name or jurisdiction name as entry element American Institute for Preventive Medicine.
Holdings
Withdrawn status Lost status Damaged status Not for loan Home library Current library Shelving location Date acquired Total checkouts Full call number Barcode Date last seen Price effective from Koha item type
        Riverside Riverside General stacks 22/03/2026   613 20 BC0010807 22/03/2026 22/03/2026 Books